000 00405nam a2200145Ia 4500
008 211109s9999||||xx |||||||||||||| ||und||
082 _a516
_bGAL-M
100 _aGallatly, William
245 0 _aModern Geometry of the Triangle
260 _bUniversity of Toronto
_aNew York
_c1920
300 _a214p.
630 _xGeneral Stack
650 _aTrigonometry
_vGeometryMathematics
_xMathematics
942 _cBOOK
999 _c1594
_d1594